000 00617nam a2200229Ia 4500
003 OSt
005 20220928123926.0
006 a|||||r|||| 00| 0
007 ta
008 220927b |||||||| |||| 00| 0 eng d
024 _a44596
037 _cTextual
040 _aSDCL
_cSDCL
_beng
041 _2eng
_aeng
082 _aX652.1'N9, N6
100 _aThompson Valerie
_9462347
245 0 _aMastering the euromarkets.
260 _aLondon
_bIrwin Professional Publishing
_c1996
300 _axv,240p
_ccm.
942 _hX652.1'N9, N6
_cTEXL
_2CC
999 _c775333
_d775333